A contemporary in dissent : Johann Georg Hamann as a radical enlightener /

Bibliographic Details
Main Author: Bayer, Oswald
Format: Book
Language:English
Published: Grand Rapids, Mich. : W.B. Eerdmans Pub. Co., 2011.
Subjects:
Online Access:Table of contents

MARC

Tag First Indicator Second Indicator Subfields
LEADER 00000cam a22000004a 4500
001 in00004082102
005 20200117104433.0
007 tu
008 110701s2011 miu b 001 0 eng
010 |a  2011027509 
015 |a 15,A21  |2 dnb 
016 7 |a 1026867428  |2 DE-101 
016 7 |a 016037517  |2 Uk 
019 |a 758387277  |a 778323483  |a 785999670  |a 977716388  |a 1001438452  |a 1013389755 
020 |a 9780802866707  |q (pbk. ;  |q alk. paper) 
020 |a 0802866700  |q (pbk. ;  |q alk. paper) 
035 |a (OCoLC)ocn743039662 
035 |a (OCoLC)743039662  |z (OCoLC)758387277  |z (OCoLC)778323483  |z (OCoLC)785999670  |z (OCoLC)977716388  |z (OCoLC)1001438452  |z (OCoLC)1013389755 
040 |a DLC  |b eng  |c DLC  |d YDX  |d YDXCP  |d LNT  |d UKMGB  |d BTCTA  |d AU@  |d CDX  |d IG#  |d OCLCO  |d OCLCF  |d CHVBK  |d GWDNB  |d OCLCQ  |d PUL  |d UAB  |d STF  |d UtOrBLW 
041 1 |a eng  |h ger 
042 |a pcc 
049 |a TXAM 
050 0 0 |a PT2287.H9  |b B3913 2011 
082 0 0 |a 193  |2 23 
084 |a 100  |a 830  |q DE-101  |2 sdnb 
100 1 |a Bayer, Oswald.  |0 http://id.loc.gov/authorities/names/n82025226 
240 1 0 |a Zeitgenosse im Widerspruch.  |l English  |0 http://id.loc.gov/authorities/names/n2011044916 
245 1 2 |a A contemporary in dissent :  |b Johann Georg Hamann as a radical enlightener /  |c Oswald Bayer ; translated by Roy A. Harrisville & Mark C. Mattes. 
264 1 |a Grand Rapids, Mich. :  |b W.B. Eerdmans Pub. Co.,  |c 2011. 
300 |a xx, 234 pages ;  |c 23 cm 
336 |a text  |b txt  |2 rdacontent 
337 |a unmediated  |b n  |2 rdamedia 
338 |a volume  |b nc  |2 rdacarrier 
504 |a Includes bibliographical references and index. 
505 0 |a Life and work -- Style and form -- Original motif -- The modern concept of nature in crisis -- Freedom as a fundamental concept of anthropology (Herder-Hamann) -- Criticism and politics (Hamann-Herder-Frederick the Great) -- What is Enlightenment? (Kant-Hamann) -- History and reason (Reimarus-Lessing-Mendelssohn-Hamann) -- Reason is language (Hamann-Kant) -- Natural right and social life (Mendelssohn and Hamann) -- "Essays of a sibyl on marriage" -- Created time -- Translators' epilogue. 
600 1 0 |a Hamann, Johann Georg,  |d 1730-1788  |x Criticism and interpretation. 
600 1 7 |a Hamann, Johann Georg,  |d 1730-1788.  |2 fast  |0 (OCoLC)fst00028841 
600 1 7 |a Hamann, Johann Georg,  |d 1730-1788.  |2 gnd  |0 (DE-588)11854523X 
650 7 |a Philosophie.  |2 gnd  |0 (DE-588)4045791-6 
600 1 7 |a Hamann, Johann G.  |2 idszbz 
655 7 |a Criticism, interpretation, etc.  |2 fast  |0 (OCoLC)fst01411635 
856 4 1 |3 Table of contents  |u http://d-nb.info/1026867428/04  |t 0 
948 |a cataloged  |b h  |c 2019/10/23  |d c  |e ceaton  |f 9:18:44 am 
994 |a C0  |b TXA 
999 f f |s 13931099-c233-3f81-8722-0267cda60c69  |i 912d57a1-51a7-370d-aff5-4e63d458c92d  |t 0 
952 f f |p normal  |a Texas A&M University  |b College Station  |c Sterling C. Evans Library  |d Evans: Library Stacks  |t 0  |e PT2287.H9 B3913 2011  |h Library of Congress classification  |i unmediated -- volume  |m A14850984346 
998 f f |a PT2287.H9 B3913 2011  |t 0  |l Evans: Library Stacks